| 000 | 00594nam a22002177a 4500 | ||
|---|---|---|---|
| 003 | OSt | ||
| 005 | 20220107122837.0 | ||
| 008 | 180327b xxu||||| |||| 00| 0 eng d | ||
| 020 | _a9781119247029 | ||
| 040 | _cIIITMK | ||
| 082 | _a006.312 HWA/B | ||
| 100 |
_aHwang, Kai _913891 |
||
| 245 |
_aBig data analytics for cloud, IoT and cognitive computing _cKai Hwang |
||
| 260 |
_aUK, _bJohn Wiley & Sons Ltd., _c2017. |
||
| 300 | _axvii, 409p. | ||
| 650 |
_aBIG DATA _913892 |
||
| 650 |
_aCLOUD COMPUTING _913893 |
||
| 650 |
_aANALYTICS _913894 |
||
| 700 |
_aChen, Min _913895 |
||
| 942 |
_2ddc _cBK |
||
| 999 |
_c6024 _d6024 |
||